000 00725nam a2200205Ia 4500
005 20251020182617.0
008 200515s9999 xx 000 0 und d
082 _aSC/694.5/O28/2
110 _aOcéano
245 0 _aBiblioteca Atrium de la Carpintería : el manipulado (2)
260 _aLima
260 _cs.a.
300 _a119
520 _aElementos básicos en proceso del tratamiento de la madera, los instrumentos para medir, trazar y marcar, herramientas manuales, maquinaria fija de taller, maquinaria portátil, mantenimiento de las herramientas para la madera, las uniones leñosas, adhesivo
650 _aACABADOS
650 _aCARPINTERIA
650 _aHERRAMIENTAS
650 _aMADERA
942 _cLIB
999 _c3525
_d3525